000
00325nam a2200145Ia 4500
005
20251222143316.0
008
251222s9999||||xx |||||||||||||| ||spa||
020
_a
84-206-2070-X
082
_a
510/A39
100
_a
Aleksandrov, A.D.
245
0
_a
La Matemática:
250
_a
2a.ed.
264
_b
Alianza
942
_c
LIB
999
_c
15891
_d
15891